000 00551nam a22002057a 4500
003 OSt
008 260408b |||||||| |||| 00| 0 eng d
020 _a9788119105120
082 _a338.1
_bT44F
100 _aThirunavukkarasu, M.
245 _aFarm Economics : principles and applications /
_cby M. Thirunavukkarasu
260 _a.- Delhi
_b: IBPSS
_c, 2024
300 _axvii,216p.
650 _aSocial Sciences
650 _aEconomics
650 _aAgriculture
650 _aEconomic Aspects
650 _aFarm Management
942 _2ddc
_cBK
999 _c50037
_d50037